[Event "PanAm Intercolleagiate-ch 2019"]
[Site "Charlotte"]
[Date "2019.12.29"]
[Round "3.6"]
[White "Ipatov, Alexander"]
[Black "Escalante Ramirez, Brian Sebasti"]
[Result "1-0"]
[WhiteElo "2631"]
[BlackElo "2421"]
[Annotator "TA"]
[PlyCount "111"]
[EventDate "2019.12.27"]
[EventType "team-tourn"]
[EventCountry "USA"]
[SourceTitle "playchess.com"]
[Source "ChessBase"]
[SourceQuality "1"]

{[%evp 17,111,16,17,7,66,10,8,12,18,27,40,37,47,41,29,39,33,41,68,66,79,70,76,68,81,86,66,88,83,48,120,46,60,54,88,92,88,28,26,20,20,20,14,21,23,40,69,69,69,69,69,69,95,69,100,73,88,93,89,90,89,94,96,97,106,94,148,135,234,224,357,350,371,373,363,353,339,351,1641,1641,1374,1374,2660,1727,29938,12851,12849,12844,12833,12829,12835,12789,12605,6499,12605,7063]} 1. Nf3 Nf6 2. g3 g6 3. Bg2 Bg7 4. O-O O-O 5. d4 d6 6. c4 c5 7. dxc5 dxc5 8. Nc3 Nc6 9. Bf4 Nh5 10. Bg5 {E65: King's Indian: Fianchetto: 6...c5 7 0-0 without d5 by White} (10. Be3 Nd4 11. Qc1 Be6 12. b3 Qa5 13. Bxd4 cxd4 14. Nb5 Rad8 15. Qe1 Qxe1 16. Raxe1 a6 17. Nc7 Bc8 18. Nd5 Rfe8 {½-½ (47) Howell,D (2696)-Jones,G (2682) London 2018}) 10... h6 (10... Bxc3 $11 11. bxc3 Nf6) 11. Bd2 (11. Be3 $14) 11... Be6 $11 12. Qc1 {The position is equal.} Kh7 $1 13. Nd5 Qc8 {[#]} 14. Bc3 $146 ({Predecessor:} 14. Rd1 Bh3 15. Bc3 Bxg2 16. Bxg7 Nxg7 17. Kxg2 Qf5 {0-1 (55) Taimanov,M (2510)-Chiburdanidze,M (2400) Tallinn 1980}) 14... Bh3 15. Bxg7 Nxg7 16. Qe3 Bxg2 17. Kxg2 Qe6 18. Qxc5 {Black must now prevent Nc7.} Qxe2 19. Rfe1 $1 {[%cal Re1e2]} Qxb2 20. Qb5 ({Stronger than} 20. Nxe7 Ne6 $17) 20... Qxb5 21. cxb5 Na5 22. Rxe7 Nf5 23. Rc7 $1 Rad8 (23... Kg7 $14) 24. Nf4 (24. Rd1 $16) 24... Kg8 25. Ne5 Rc8 26. Rac1 Nd6 27. Rxc8 (27. Nd5 $1 $16 {[%cal Rd5e7] Threatens to win with Ne7+.} Rxc7 28. Rxc7) 27... Rxc8 28. Rd1 Nac4 29. Nxc4 Nxc4 {[%mdl 4096] Endgame KRN-KRN} 30. Rd7 Na5 31. Nd3 Re8 32. Nc5 Re2 33. a4 Ra2 $1 34. h4 h5 35. Kf3 (35. Nxb7 $6 Nxb7 36. Rxb7 Rxa4 $11) 35... Kf8 36. Rc7 ({Much weaker is} 36. Nxb7 $6 Nxb7 37. Rxb7 Rxa4 $11) 36... Kg8 37. Rc8+ ({Don't play} 37. Nxb7 $6 Nxb7 38. Rxb7 Rxa4 $11) 37... Kg7 38. Ra8 $1 a6 39. bxa6 bxa6 40. Rxa6 Nc4 41. Ra7 Ne5+ (41... Nd6 $142) 42. Ke4 $16 Ng4 (42... Nc6 $16 {was worth a try.} 43. Ra6 Ne7) 43. f3 $18 Re2+ (43... Rc2 $142 44. fxg4 Rxc5) 44. Kd3 Re3+ {[#]} 45. Kd4 $1 Rxf3 {[#]} 46. Ne6+ $1 Kh6 47. Ng5 {[%mdl 64] Double Attack} Rxg3 $2 (47... Ra3 48. Rxf7 Rxa4+ 49. Kc3 Nf6 50. Rxf6 Ra3+ 51. Kd4 Rxg3) 48. Rxf7 {[%csl Gg5][%cal Rf7h7]} Nf6 49. Rxf6 {KRN-KR} Rg4+ 50. Ne4 Rxh4 51. Rf1 Rh2 {White is clearly winning.} 52. Ra1 Rb2 53. a5 {[%cal Ba4a5,Ba5a6][%mdl 32]} Rb8 54. a6 h4 55. Ra5 Rb4+ 56. Ke5 {Accuracy: White = 74%, Black = 44%.} 1-0

[Event "PanAm Intercolleagiate-ch 2019"]
[Site "Charlotte"]
[Date "2019.12.29"]
[Round "3.7"]
[White "Krykun, Yuriy"]
[Black "Theodorou, Nikolas"]
[Result "1/2-1/2"]
[WhiteElo "2352"]
[BlackElo "2555"]
[Annotator "TA"]
[PlyCount "108"]
[EventDate "2019.12.27"]
[EventType "team-tourn"]
[EventCountry "USA"]
[SourceTitle "playchess.com"]
[Source "ChessBase"]
[SourceQuality "1"]

{[%evp 12,108,28,22,19,12,15,14,7,5,10,11,9,14,12,-107,-20,-616,0,-600,85,-132,195,-414,199,131,237,53,57,49,65,75,85,69,94,95,95,93,79,62,56,45,47,16,16,16,11,7,13,13,13,0,0,0,0,0,0,0,0,0,0,0,0,0,0,0,0,0,0,0,0,0,0,0,0,0,0,0,0,0,0,0,0,0,12851,0,12851,12851,12851,12851,12851,0,0,0,0,0,0,0,0]} 1. Nf3 Nf6 2. g3 g6 3. Bg2 Bg7 4. O-O O-O 5. d4 d6 6. Nc3 d5 7. Re1 Bf5 {A49: 1 d4 Nf6 2 Nf3 g6 3 g3: Anti-King's Indian systems} (7... Ne4 8. Nxe4 dxe4 9. Ng5 Qxd4 10. Qxd4 Bxd4 11. Nxe4 Nd7 12. c3 Be5 13. Be3 Nb6 14. Bd4 Bg7 15. b3 a5 16. Red1 a4 17. b4 a3 18. f4 Nc4 19. Kf2 e5 20. fxe5 Nxe5 21. h3 {½-½ (21) Ivanchuk,V (2720)-Smirin,I (2658) Ashdod 2015}) 8. Nh4 Be6 9. e4 Nxe4 10. Nxe4 dxe4 11. Bxe4 Bd5 12. Bxd5 $146 ({Predecessor:} 12. c3 Nc6 13. Bf4 Bxe4 14. Rxe4 Qd5 15. Qd3 {0-1 (45) Alvarez,V-Solana Suarez,E (2275) Tenerife 1989}) 12... Qxd5 13. Re2 (13. Be3 $11) 13... e6 (13... Bxd4 14. Be3 $16) (13... e5 $17 14. Qd3 exd4) 14. Rxe6 $2 {[%mdl 8192]} (14. Be3 $11) 14... Nc6 $2 ({Black should play} 14... fxe6 $19 15. Be3 Nc6) 15. Re7 $2 {[%mdl 8192]} (15. Re1 $11) 15... Rfe8 $2 (15... Nxe7 $19 16. Be3 Rad8) 16. Rxc7 $2 {[#]} (16. Rxe8+ $1 $16 {is necessary to keep the advantage.} Rxe8 17. c3) 16... Rac8 $2 {[%mdl 8192]} (16... Qa5 $1 $17 {stays on course. ...Re1+ is the strong threat.} 17. Bf4 Nxd4) 17. Be3 $4 {[%mdl 8192]} (17. Rxc8 $18 {is the narrow road to win.} Rxc8 18. c3) 17... Rcd8 $4 {[%mdl 8192] [#]} (17... Rxc7 $19 {avoids the disaster.} 18. c3 Rcc8) 18. Nf3 (18. Rxb7 Nxd4 19. Rxa7 Qb5 $11) ({White should try} 18. c3 $1 $18) 18... Be5 (18... Bxd4 $16 {was worth a try.} 19. Nxd4 (19. Rxb7 $2 Rxe3 20. Nxd4 Ree8 $19) 19... Nxd4 20. Bxd4 Qxd4 21. Qxd4 Rxd4) 19. Nxe5 $2 (19. c4 $1 $18 {[%cal Rc4d5]} Qe6 20. d5 (20. dxe5 Rxd1+ 21. Rxd1 Qg4 $11) (20. Nxe5 Nxe5 21. Qe2 Qb6 $18) (20. Rxb7 Bxd4 21. Nxd4 Nxd4 $16) 20... Bxc7 21. dxe6 Rxd1+ 22. Rxd1) 19... Nxe5 $14 20. dxe5 Qxd1+ 21. Rxd1 Rxd1+ $18 {[%mdl 4096] Endgame KRR-KRB} 22. Kg2 Rxe5 23. Rxb7 a6 24. c4 Kf8 25. c5 Re6 26. a4 Ke8 27. Kf3 Rd7 28. Rb4 Rc7 29. Rh4 f5 30. b4 Rb7 $1 31. b5 axb5 32. axb5 Rxb5 33. Rxh7 Rb4 $1 34. h4 Rc4 35. h5 gxh5 36. Rxh5 Re5 37. Rh6 Kf7 38. Rd6 Re6 39. Rd5 Kg6 40. Ke2 f4 41. gxf4 Rxf4 42. Kd3 Ra4 43. Rd4 Rea6 44. Ke4 Rxd4+ 45. Bxd4 $11 {KR-KB} ({Don't do} 45. Kxd4 Kf5 $16) 45... Kf7 46. Kd5 Ke7 47. f4 Ra2 $2 {[%mdl 8192]} (47... Ra5 $11) 48. f5 Rc2 $2 {[%mdl 8192]} (48... Ra8 $11) 49. c6 $18 Rc1 50. Be5 Rd1+ 51. Kc5 $2 (51. Bd4 $18 {And now f6+ would win.} Kd8 52. f6) 51... Rf1 $11 {The position is equal.} 52. c7 Kd7 53. f6 Rxf6 54. Bxf6 {Be5 would kill now.} Kxc7 {Accuracy: White = 29%, Black = 54%.} 1/2-1/2

[Event "PanAm Intercolleagiate-ch 2019"]
[Site "Charlotte"]
[Date "2019.12.29"]
[Round "3.8"]
[White "Bok, Benjamin"]
[Black "Grabinsky, Aaron"]
[Result "1/2-1/2"]
[WhiteElo "2636"]
[BlackElo "2349"]
[Annotator "TA"]
[PlyCount "131"]
[EventDate "2019.12.27"]
[EventType "team-tourn"]
[EventCountry "USA"]
[SourceTitle "playchess.com"]
[Source "ChessBase"]
[SourceQuality "1"]

{[%evp 13,131,0,4,3,5,12,13,6,28,28,32,26,29,23,22,22,22,21,21,21,29,29,25,25,20,20,16,14,27,19,60,60,60,60,60,60,60,60,60,60,60,60,60,60,67,67,67,67,67,67,88,67,372,119,119,119,119,119,119,119,119,119,119,119,119,119,119,119,119,119,322,315,289,58,58,58,58,58,58,58,58,0,58,58,58,58,58,0,58,0,58,0,58,58,58,0,58,58,58,58,58,58,58,58,58,58,58,58,58,58,58,58,58,58,62,0,62,0,64,64]} 1. d4 Nf6 2. c4 e6 3. Nf3 Bb4+ 4. Nbd2 O-O 5. g3 b6 6. Bg2 Bb7 7. O-O d5 8. b3 {E16: Queen's Indian: 4 g3 Bb7 5 Bg2 Bb4+} (8. a3 Be7 9. cxd5 exd5 10. b4 a5 11. b5 c6 12. bxc6 Nxc6 13. Bb2 b5 14. e3 a4 15. Qb1 Qb6 16. Rc1 Rfc8 17. Ne5 h6 {1-0 (48) So,W (2780)-Vidit,S (2718) chess.com INT 2018}) 8... Nbd7 9. Bb2 Qe7 10. Rc1 {The position is equal.} Bd6 11. Ne5 c6 $146 ({Predecessor:} 11... Rac8 12. e3 c5 13. cxd5 Bxd5 14. Nxd7 Nxd7 15. e4 Ba8 16. Nc4 Bb8 17. d5 b5 {½-½ (32) Lutsko,I (2405)-Bocharov,D (2569) Voronezh 2008}) 12. e4 dxe4 13. Nxe4 Nxe4 14. Bxe4 Nxe5 15. dxe5 Bc5 16. Qf3 Rad8 17. Rcd1 Qc7 18. Kg2 h6 19. h4 Be7 20. Rfe1 Ba8 21. Bc1 (21. Qg4 {seems wilder.} Bb4 22. Rg1 Rxd1 23. Rxd1 Rd8 24. a3) 21... c5 22. Rxd8 Qxd8 23. Bxa8 Qxa8 24. Qxa8 Rxa8 $14 {[%mdl 4096] Endgame KRB-KRB} 25. Rd1 Rd8 26. Rxd8+ Bxd8 {KB-KB} 27. h5 $1 Kf8 28. Kf3 Ke8 29. Ke4 Be7 30. g4 Bf8 31. f4 g6 32. f5 gxh5 $2 {[%mdl 8192] [#]} ({Better is} 32... exf5+ $14 33. gxf5 gxh5) 33. gxh5 $2 (33. f6 $18 {and the rest is easy.} hxg4 34. Kf4) 33... Kd7 34. Be3 Kc6 35. f6 a6 36. Kd3 Kb7 37. Kc2 Kc6 38. Kc3 Kb7 39. Kb2 Kc6 40. Bd2 Kd7 41. Ka3 b5 $2 (41... Kc6 $16 42. Be3 Kd7) 42. Ba5 $18 Kc6 43. Kb2 $2 (43. cxb5+ $18 Kxb5 44. Bd8) 43... b4 $14 44. a3 Kb7 45. Kc2 Kc6 (45... bxa3 $2 46. Kb1 $18) 46. Kd3 Kb7 $1 (46... bxa3 $2 47. Kc2 $18) 47. Kc2 Kc6 $1 (47... bxa3 $2 48. Kb1 $18) 48. Kc1 Kb7 49. Kb1 Kc6 50. Kb2 Kb7 $1 51. Kb1 Kc6 52. Kc1 Kb7 53. Kd2 Kc6 (53... bxa3 $2 54. Kc1 $18) 54. Kd3 Kb7 $1 (54... bxa3 $2 55. Kc2 $18) 55. Bd8 Kc8 $1 {[%cal Rc8d8]} 56. Bb6 $1 {[#] Hoping for axb4.} Kb7 (56... bxa3 $2 57. Kc2 $18) 57. Ba5 Kc6 $1 (57... bxa3 $2 58. Kc2 $18) 58. Kd2 Kb7 (58... bxa3 $2 59. Kc2 $18) 59. Kd1 Kc6 ({Don't go for} 59... bxa3 $2 60. Kc2 $18) 60. Kc2 Kb7 (60... bxa3 $2 61. Kb1 $18) 61. Kc1 Kc6 ({Don't blunder} 61... bxa3 $2 62. Bd2 $18) 62. Kb1 Kb7 63. Ka1 Kc6 64. Kb2 Kb7 $1 65. Kc1 Kc6 $1 ({But not} 65... bxa3 $2 66. Kb1 $18) 66. Kd1 {Accuracy: White = 70%, Black = 71%.} 1/2-1/2

[Event "PanAm Intercolleagiate-ch 2019"]
[Site "Charlotte"]
[Date "2019.12.29"]
[Round "3.9"]
[White "Quesada Perez, Yuniesky"]
[Black "Ringoir, Tanguy"]
[Result "1/2-1/2"]
[WhiteElo "2601"]
[BlackElo "2501"]
[Annotator "TA"]
[PlyCount "34"]
[EventDate "2019.12.27"]
[EventType "team-tourn"]
[EventCountry "USA"]
[SourceTitle "playchess.com"]
[Source "ChessBase"]
[SourceQuality "1"]

{[%evp 19,34,8,26,15,26,3,4,16,31,34,19,-17,-14,-22,-8,0,0]} 1. e4 e5 2. Nf3 Nc6 3. Bb5 a6 4. Ba4 Nf6 5. O-O Be7 6. Re1 b5 7. Bb3 O-O 8. a4 b4 9. d4 d6 10. dxe5 dxe5 11. Nbd2 {C88: Closed Ruy Lopez: Anti-Marshall Systems} Bc5 12. Qe2 Qe7 13. a5 h6 14. Bc4 {[#]} Bg4 $146 ({Predecessor:} 14... Nd4 15. Nxd4 Bxd4 16. Nf3 Bc5 17. Be3 Bb7 18. Nd2 Bxe3 19. Qxe3 {½-½ (57) Leko,P (2678)-Harikrishna,P (2737) Biel 2017}) 15. c3 {The position is equal.} Be6 16. h3 Rfb8 17. Bxa6 Bd6 {Accuracy: White = 52%, Black = 52%.} 1/2-1/2

[Event "PanAm Intercolleagiate-ch 2019"]
[Site "Charlotte"]
[Date "2019.12.29"]
[Round "3.10"]
[White "Marek, Matyas"]
[Black "Gledura, Benjamin"]
[Result "0-1"]
[WhiteElo "2378"]
[BlackElo "2626"]
[Annotator "RC"]
[PlyCount "112"]
[EventDate "2019.12.27"]
[EventType "team-tourn"]
[EventCountry "USA"]
[SourceTitle "playchess.com"]
[Source "ChessBase"]
[SourceQuality "1"]
[TimeControl "5400+30"]

1. Nf3 {[%emt 0:00:00]} d5 {[%emt 0:00:00]} 2. g3 {[%emt 0:00:00]} g6 {[%emt 0:00:23]} 3. Bg2 {[%emt 0:00:00]} Bg7 {[%emt 0:00:19]} 4. O-O {[%emt 0:03:31]} e5 {[%emt 0:00:36]} 5. d3 {[%emt 0:00:05]} Ne7 {[%emt 0:01:03]} 6. e4 {[%emt 0:02:30]} O-O {[%emt 0:01:59]} 7. Nbd2 {[%emt 0:00:50]} Nbc6 {[%emt 0:04:10]} 8. b3 {[%emt 0:01:19]} d4 {[%emt 0:01:23]} 9. a4 {[%emt 0:02:08]} Nb4 {[%emt 0:06:40]} 10. Nc4 {[%emt 0:02:48]} Nec6 {[%emt 0:00:50]} 11. a5 {[%emt 0:04:33]} Qe7 {[%emt 0:01:53]} 12. Qd2 {[%emt 0:12:56]} Bg4 {[%emt 0:12:35]} 13. Ba3 {[%emt 0:04:08]} Bxf3 {[%emt 0:03:13]} 14. Bxf3 {[%emt 0:00:02]} b5 {[%emt 0:05:06]} 15. axb6 {[%emt 0:01:04]} axb6 {[%emt 0:00:06]} 16. Kg2 {[%emt 0:02:20]} Rfd8 {[%emt 0:05:57]} 17. Bg4 {[%emt 0:31:06]} Bf8 {[%emt 0:04:38]} 18. f4 {[%emt 0:00:15]} exf4 {[%emt 0:01:02]} 19. Qxf4 {[%emt 0:04:12]} b5 {[%emt 0:02:44]} 20. Nd2 {[%emt 0:02:55]} Rxa3 {[%emt 0:01:34]} 21. Rxa3 {[%emt 0:00:07]} Nxc2 {[%emt 0:00:09]} 22. Raa1 {[%emt 0:02:13]} Ne5 {[%emt 0:02:28]} 23. Be2 {[%emt 0:00:43]} Nxa1 {[%emt 0:00:54]} 24. Rxa1 {[%emt 0:00:02]} Qe6 {[%emt 0:03:41]} 25. Ra7 {[%emt 0:02:33]} Bd6 {[%emt 0:01:05]} 26. Qf1 {[%emt 0:00:16]} h5 {[%emt 0:03:50]} 27. Qa1 {[%emt 0:02:19]} Bb4 {[%emt 0:06:44]} 28. Nf3 {[%emt 0:03:38]} Nxf3 {[%emt 0:00:12]} 29. Kxf3 {[%emt 0:00:58]} c6 {[%emt 0:19:45]} 30. Ra8 {[%emt 0:01:40]} Rxa8 {[%emt 0:00:51]} 31. Qxa8+ {[%emt 0:00:10]} Kg7 {[%emt 0:00:10]} 32. Kg2 {[%emt 0:00:54]} h4 {[%emt 0:01:07]} 33. Qd8 {[%emt 0:07:59]} h3+ {[%emt 0:00:33]} 34. Kf2 {[%emt 0:01:36]} Bd6 {[%emt 0:01:47]} 35. Bg4 {[%emt 0:02:45]} Qxg4 {[%emt 0:00:27]} 36. Qxd6 {[%emt 0:00:07]} Qd1 {[%emt 0:00:44]} 37. Qxd4+ {[%emt 0:01:18]} Kh7 {[%emt 0:00:01]} 38. Qd7 {[%emt 0:00:19]} Qxb3 {[%emt 0:00:32]} 39. Qxh3+ {[%emt 0:00:06]} Kg7 {[%emt 0:00:04]} 40. Qd7 {[%emt 0:00:57]} Qb2+ {[%emt 0:00:55]} 41. Kf3 {[%emt 0:00:57]} c5 {[%emt 0:00:40]} 42. e5 {[%emt 0:00:48]} Qxh2 {[%emt 0:03:05]} 43. Qxb5 {[%emt 0:01:00]} Qh5+ {[%emt 0:00:02]} 44. Ke4 {[%emt 0:00:32]} Qf5+ {[%emt 0:00:07]} 45. Kd5 {[%emt 0:00:22]} Qe6+ {[%emt 0:00:09]} 46. Ke4 {[%emt 0:00:24]} f5+ {[%emt 0:00:50]} 47. Kf4 {[%emt 0:01:08]} g5+ {[%emt 0:00:07]} 48. Kf3 {[%emt 0:00:53]} Qxe5 {[%emt 0:00:11]} 49. Qd7+ {[%emt 0:00:05]} Kg6 {[%emt 0:00:26]} 50. Qd8 {[%emt 0:00:55]} g4+ {[%emt 0:00:47]} 51. Kg2 {[%emt 0:00:16]} Qe2+ {[%emt 0:00:07]} 52. Kg1 {[%emt 0:00:37]} Qe3+ {[%emt 0:00:07]} 53. Kg2 {[%emt 0:00:06]} Qf3+ {[%emt 0:00:05]} 54. Kh2 {[%emt 0:00:03]} Qf2+ {[%emt 0:00:08]} 55. Kh1 {[%emt 0:00:02]} Qf1+ {[%emt 0:00:07]} 56. Kh2 {[%emt 0:00:04]} Qh3+ {[%emt 0:00:06]} 0-1

[Event "PanAm Intercolleagiate-ch 2019"]
[Site "Charlotte"]
[Date "2019.12.29"]
[Round "3.11"]
[White "Cordova, Emilio"]
[Black "Rohan, Ahuja"]
[Result "1-0"]
[WhiteElo "2585"]
[BlackElo "2383"]
[Annotator "TA"]
[PlyCount "81"]
[EventDate "2019.12.27"]
[EventType "team-tourn"]
[EventCountry "USA"]
[SourceTitle "playchess.com"]
[Source "ChessBase"]
[SourceQuality "1"]

{[%evp 19,81,20,20,22,34,41,40,47,85,90,88,83,83,79,84,80,87,87,117,90,112,113,110,98,131,127,132,133,135,149,193,180,173,168,191,189,185,170,211,210,193,179,233,200,241,249,257,250,302,252,234,233,193,210,641,590,712,679,777,206,777,752,726,707]} 1. Nf3 Nf6 2. d4 g6 3. g3 Bg7 4. Bg2 d5 5. O-O O-O 6. c4 dxc4 7. Na3 {[%cal Bb1a3,Ba3c4,Bc4a5][%mdl 32]} c3 8. bxc3 c5 9. Ne5 Nc6 10. Nxc6 bxc6 11. Nc4 {D77: Fianchetto Grünfeld: 6 0-0: Replies other than 6...c6} Nd5 12. Bd2 Be6 (12... Ba6 13. Ne5 Qc7 14. Re1 Bxe5 15. dxe5 Qxe5 16. Qc1 Rfd8 17. Qa3 Bb5 {1-0 (54) Vitiugov,N (2721)-Najer,E (2681) Sochi 2016}) 13. Rc1 {White is slightly better.} Qc8 {[#]} 14. Na5 $1 Bh3 $146 ({Predecessor:} 14... c4 15. Nxc4 Qa6 16. Nb2 Qxa2 17. Nd3 Qc4 18. Nc5 {1-0 (43) Ghosh,D (2569)-Babujian,L (2438) Bhubaneswar 2017}) 15. e4 {Black must now prevent Bxh3.} Bxg2 16. Kxg2 Nb6 17. dxc5 Nd7 18. Be3 Rd8 {[#]} 19. Qe2 $1 Qc7 20. Qa6 Rac8 21. Nc4 Nf6 22. f3 Qd7 23. Na5 Qe6 24. Qc4 Qd7 {[#]} 25. Rfd1 $1 {[%mdl 512]} Qc7 (25... Qxd1 26. Rxd1) 26. Rxd8+ Qxd8 27. Qa6 Qd7 28. Rc2 h5 29. Rd2 Qe6 {intending ...Nxe4.} 30. Qc4 Qxc4 (30... Nd5 $142 31. Bd4 Nc7) 31. Nxc4 $18 Kf8 32. Rb2 Ne8 33. Rb7 Nc7 34. a4 {[%cal Ba2a4,Ba4a5][%mdl 32]} ({Resist} 34. Rxa7 Nb5 $18) 34... Bxc3 35. Rxa7 Ne6 36. a5 {Threatens to win with a6.} Nd4 $2 (36... Bb4 37. Ne5 Ke8) 37. Nb6 Rd8 {If Black can now play ...Nb5 this consolidates a bit.} 38. Rd7 Ke8 39. Rxd8+ Kxd8 40. Bxd4 Bxa5 41. Nc4 {Accuracy: White = 96%, Black = 43%.} 1-0

[Event "PanAm Intercolleagiate-ch 2019"]
[Site "Charlotte"]
[Date "2019.12.29"]
[Round "3.12"]
[White "Narva, Mai"]
[Black "Burke, John M"]
[Result "0-1"]
[WhiteElo "2321"]
[BlackElo "2551"]
[Annotator "TA"]
[PlyCount "74"]
[EventDate "2019.12.27"]
[EventType "team-tourn"]
[EventCountry "USA"]
[SourceTitle "playchess.com"]
[Source "ChessBase"]
[SourceQuality "1"]

{[%evp 9,74,0,0,-10,-7,-26,-33,-30,-6,-8,-5,-66,-72,-83,-98,-100,-100,-104,-95,-125,-98,-107,-116,-115,-116,-116,-112,-135,-126,-131,-136,-147,-141,-151,-141,-191,-170,-166,-164,-205,-172,-172,-179,-252,-252,-243,-243,-252,-248,-365,-368,-377,-392,-379,-382,-370,-368,-643,-614,-927,-921,-1050,-1043,-1312,-1296,-1301,-1260]} 1. e4 e5 2. Nf3 Nc6 3. Bb5 g6 4. O-O Bg7 5. Nc3 (5. c3 a6 6. Ba4 b5 7. Bc2 d6 8. d4 exd4 9. cxd4 Bg4 10. Be3 Bxf3 11. gxf3 Nge7 12. Nc3 O-O 13. f4 Na5 {0-1 (48) Short,N (2646)-Paravyan,D (2634) Moscow 2018}) 5... Nge7 6. d3 {C60: Ruy Lopez: Unusual Black 3rd moves and 3...g6} O-O 7. Be3 d6 8. h3 {Black is slightly better.} f5 9. Bc4+ $146 ({Predecessor:} 9. Nd5 f4 10. Bd2 Nxd5 11. exd5 Ne7 {1-0 (57) Parshikov,N-Dolgov,D Zhukovsky 2009}) 9... Kh8 10. Ng5 (10. Nd5 $11) 10... f4 $15 11. Nf7+ {[#]} Rxf7 $1 {[%mdl 512]} 12. Bxf7 fxe3 13. fxe3 Ng8 14. Nd5 Nce7 15. Nc3 c6 16. Qf3 Qb6 17. Bb3 Bd7 18. Kh1 Nf6 19. Qg3 h6 20. Rad1 g5 21. d4 Qc7 22. Rf3 b5 23. Rdf1 Rf8 24. a3 Kh7 25. Qe1 Ng6 26. Qd2 (26. Ne2 {is a better defense.}) 26... g4 $19 27. hxg4 Bxg4 28. R3f2 Qe7 29. Qd3 (29. Qe1 $142) 29... Bd7 {Threatens to win with ...Ng4.} 30. Kg1 Ng4 {[%mdl 64] [#] Discovered Attack} 31. Rxf8 Nxf8 32. g3 Qg5 33. Rf3 $2 (33. d5 Nf6 34. Rf3) 33... Qh5 {Strongly threatening ...Qh2+.Black is clearly winning.} 34. Qe2 exd4 35. Nd1 Ne5 36. Rf2 Bg4 37. Qf1 Nf3+ {Accuracy: White = 33%, Black = 90%.} 0-1

[Event "PanAm Intercolleagiate-ch 2019"]
[Site "Charlotte"]
[Date "2019.12.29"]
[Round "3.13"]
[White "Bajarani, Ulvi"]
[Black "Baryshpolets, Andrey"]
[Result "1/2-1/2"]
[WhiteElo "2468"]
[BlackElo "2564"]
[Annotator "TA"]
[PlyCount "129"]
[EventDate "2019.12.27"]
[EventType "team-tourn"]
[EventCountry "USA"]
[SourceTitle "playchess.com"]
[Source "ChessBase"]
[SourceQuality "1"]

{[%evp 21,129,19,28,11,3,15,6,0,12,0,0,0,36,23,46,48,47,47,60,39,69,47,67,62,56,50,63,62,82,83,255,264,245,235,241,226,308,296,143,108,105,103,192,143,131,0,0,0,0,-606,49,10,7,9,24,24,29,29,33,33,53,0,0,-3,0,3,202,8,8,8,8,0,0,0,0,0,0,0,0,0,0,0,0,0,0,0,0,0,0,0,0,0,0,0,0,0,0,0,0,0,0,0,0,0,0,0,0,0,8,8]} 1. d4 d5 2. c4 e6 3. Nc3 Nf6 4. Nf3 Be7 5. g3 dxc4 6. Bg2 O-O 7. Ne5 Nc6 8. Bxc6 bxc6 9. Nxc6 Qe8 10. Nxe7+ Qxe7 11. Qa4 c5 12. dxc5 {E06: Closed Catalan: Early deviations} Qxc5 13. Be3 Qc7 14. Rd1 (14. O-O-O Ng4 15. Rd2 Nxe3 16. fxe3 Rb8 17. Rhd1 a5 18. Kb1 h6 19. Ka1 Rb4 {1-0 (49) Caruana,F (2822)-Nakamura,H (2777) Saint Louis 2018}) 14... Bd7 {[#]} 15. Qa6 $146 ({Predecessor:} 15. Qa3 Ng4 16. Bc5 Rfc8 17. f3 Qxc5 18. Qxc5 Rxc5 19. Rxd7 Nf6 {½-½ (60) Sarana,A (2631)-Ponkratov,P (2628) Khanty-Mansiysk 2018}) 15... Rfb8 16. Rd2 h6 (16... Nd5 $5) 17. f3 e5 18. O-O Bc8 19. Qa3 Be6 20. Rfd1 Qb7 21. Kf2 e4 22. Bd4 exf3 23. exf3 Nd7 24. Ne4 Qb4 25. Qe3 Qa5 $2 (25... Qe7 $16) 26. Bc3 $18 Qh5 27. Kg1 (27. Rxd7 $6 Qxh2+ 28. Ke1 Bxd7 $16) 27... Nf8 28. h4 $1 {Threatens to win with g4.} Qg6 29. h5 Qxh5 {[#]} 30. Bxg7 $1 {[%mdl 512]} Kxg7 31. Qd4+ Kg6 (31... f6 $16 {might work better.}) 32. g4 {[%mdl 1024] White has strong compensation.} Qh4 {aiming for ...Rd8!} 33. g5 (33. Rh2 Qd8 $15) (33. Qe5 $1 $16 Kh7 34. Rh2) 33... Nh7 $11 ({Avoid the trap} 33... hxg5 $2 34. Qf6+ Kh7 35. Rh2 $1 $18 {[%mdl 512]}) 34. Rh2 Bh3 35. Qd6+ $4 {[%mdl 8192]} (35. gxh6 $11 Rg8 36. Qf2 Kh5+ 37. Kh1) 35... Kg7 $2 (35... f6 $19 36. Qc6 Rc8) 36. Qxh6+ Qxh6 37. gxh6+ Kh8 38. Rxh3 {Black must now prevent Nd6.} Rxb2 39. Rg3 Rf8 40. Rd7 Rb6 41. Nd6 ({White should play} 41. Rxa7 $14 Rxh6 42. a4) 41... c3 $1 {[%cal Rc3c2] And now ...c2 would win.} 42. Rg2 $132 {[%mdl 2048] White puts up resistance} Rc6 43. Rc2 Kg8 $2 {[#]} (43... Ng5 $11) 44. Kf1 $2 (44. Rg2+ Kh8 $14) ({Only move:} 44. f4 $1 $18) 44... Ng5 $1 {The position is equal.} 45. f4 ({Not} 45. Rg2 $2 c2 $19) 45... Ne6 $1 46. f5 Nd4 47. Rg2+ Kh7 {Strongly threatening ...c2.} 48. Nxf7 {[%csl Gh6][%cal Rg2g7]} Nxf5 {Hoping for ...c2.} 49. Nd8+ Ne7+ 50. Ke2 $1 c2 $1 {[%cal Rc2c1]} 51. Rxe7+ Kxh6 52. Re3 {[%cal Re3h3]} Rc5 $1 ({But not} 52... c1=N+ $2 53. Ke1 $18) 53. Rh3+ Rh5 54. Rxh5+ Kxh5 55. Kd2 {Ne6 is the strong threat.} Rxd8+ 56. Kxc2 {[%mdl 4096] Endgame KR-KR} Rd6 57. Rg7 Ra6 58. Kb3 Kh6 59. Rg4 (59. Rb7 {is more complex.} Kg5 60. a4 Kf6 61. Kb4 Ke6 62. a5) 59... Rg6 60. Ra4 a6 {[%cal Ba7a6,Ba6a5][%mdl 32]} 61. Rf4 Kg7 62. Kb4 Rg5 63. a4 a5+ 64. Kc4 Rh5 65. Rf3 {Accuracy: White = 55%, Black = 60%.} 1/2-1/2